Cáncer Colorrectal. (Registro nro. 229)

Detalles MARC
000 -LEADER
fixed length control field 02027 am a2200445 a 4500
005 - FECHA ULTIMA MODIFICACION
control field 20240520130453.0
008 - CAMPO DE CONTROL (LIBRO)
fixed length control field 100406s2007||||ag a f |||| 001 0 spa d
020 ## - INTERNATIONAL STANDARD BOOK NUMBER
ISBN 9789872309282
041 ## - CODIGO DE IDIOMA
Código de idioma del texto/pista de sonido o título separado spa
092 ## - SIGNATURA TOPOGRAFICA DEWEY LOCAL
número de clasificación 617.55
libristica 10
sección CAN
245 ## - TITULO PROPIAMENTE DICHO
Título Cáncer Colorrectal.
Subtítulo y Título paralelo Clinicas Quirúrgicas del Hospital Italiano /
Mención de responsabilidad y remanente de la transcripción de la portada Carlos A. Vaccaro
250 ## - MENCION DE EDICION
Mención de edición 1a ed.
Mención de responsabilidad relacionada con la ed. Director Clínicas Quirúrgicas Sung Ho Hyon
260 ## - PIE DE IMPRENTA
Lugar de publicación, distribución, etc Buenos Aires:
Nombre de la editorial, distribuidor, etc delhospital ediciones;
Fecha de publicación 2007.
300 ## - DESCRIPCION FISICA
Extension 460 p.
Dimensiones 22x16 cm.
500 ## - NOTA GENERAL
Nota general Vaccaro, C. A. et al. (2007). Cáncer Colorrectal. Clínicas Quirúrgicas del Hospital Italiano. (1a ed.) Buenos Aires : delhospital ediciones.
590 ## - NOTAS LOCALES (RLIN)
Nota local Donación Hospital Italiano, 2007.
653 ## - TÉRMINO INDIZADO - PALABRAS CLAVES
Palabra clave Epidemiología y registros de cáncer Colorrectal
653 ## - TÉRMINO INDIZADO - PALABRAS CLAVES
Palabra clave Carcinogénesis y clasificación molecular del cáncer colorrectal
653 ## - TÉRMINO INDIZADO - PALABRAS CLAVES
Palabra clave Sindromes hereditarios
653 ## - TÉRMINO INDIZADO - PALABRAS CLAVES
Palabra clave Prevención primaria
653 ## - TÉRMINO INDIZADO - PALABRAS CLAVES
Palabra clave Manejo de pólipos colorrectales
653 ## - TÉRMINO INDIZADO - PALABRAS CLAVES
Palabra clave Diagnósticos por imágenes
653 ## - TÉRMINO INDIZADO - PALABRAS CLAVES
Palabra clave Enfermedad inflamatoria intestinal: factores de riesgo y estrategias de prevención
653 ## - TÉRMINO INDIZADO - PALABRAS CLAVES
Palabra clave Tratamiento quirúrgico del cáncer de colon
653 ## - TÉRMINO INDIZADO - PALABRAS CLAVES
Palabra clave Factores pronósticos en el cáncer colorrectal
653 ## - TÉRMINO INDIZADO - PALABRAS CLAVES
Palabra clave Aspectos técnicos de la cirugía del cáncer de recto
653 ## - TÉRMINO INDIZADO - PALABRAS CLAVES
Palabra clave Cáncer de recto: selección terapéutica y resultados
653 ## - TÉRMINO INDIZADO - PALABRAS CLAVES
Palabra clave Metástasis hepáticas de cáncer colorrectal
653 ## - TÉRMINO INDIZADO - PALABRAS CLAVES
Palabra clave Tratamiento quirúrgico de las metástasis pulmonares
653 ## - TÉRMINO INDIZADO - PALABRAS CLAVES
Palabra clave Carcinomatosis peritoneal y otras metastasis menos frecuentes
653 ## - TÉRMINO INDIZADO - PALABRAS CLAVES
Palabra clave Recidivas pelvianas: evaluación y tratamiento
653 ## - TÉRMINO INDIZADO - PALABRAS CLAVES
Palabra clave Tratamiento médico del cáncer colorrectal avanzado
653 ## - TÉRMINO INDIZADO - PALABRAS CLAVES
Palabra clave Cuidados paliativos en cáncer colorrectal avanzado
700 1# - ENTRADAS SECUNDARIAS - NOMBRE PERSONAL
Nombre personal Varela, Emilio
Función Coeditor
9 (RLIN) 308
700 1# - ENTRADAS SECUNDARIAS - NOMBRE PERSONAL
Nombre personal Vaccaro, Carlos A.
Función Editor
9 (RLIN) 3815
700 1# - ENTRADAS SECUNDARIAS - NOMBRE PERSONAL
Nombre personal Lastiri, José M.
Función Coeditor
9 (RLIN) 309
700 1# - ENTRADAS SECUNDARIAS - NOMBRE PERSONAL
Nombre personal Santafé, Luís
Función Coeditor
9 (RLIN) 310
930 ## - NUMERO DE INVENTARIO
Número de inventario 1856
942 ## - ADDED ENTRY ELEMENTS (KOHA)
Source of classification or shelving scheme Dewey Decimal Classification
Item type Libros
Existencias
Estado de retiro Existencia Estado general No para prestamo Ubicación permanente ubicación actual Sala de ubicación Fecha de adquisición Total Checkouts Número de clasificación Código de barras Date last seen Número de ejemplar Price effective from Koha tipo de elemento (item)
        Biblioteca Medicina Biblioteca Medicina Circulación 13/05/2011   617.55 10 CAN 1856 06/11/2014 ej.1 13/05/2011 Libros

UNIVERSIDAD NACIONAL DEL COMAHUE
Biblioteca de la Facultad de Ciencias Médicas
Sede Toschi: Los Arrayanes y Av. Toschi, Cipolletti  - Rio Negro
Sede Los Tordos:  Yrigoyen al 2211, Cipolletti - Rio Negro 

Teléfono: 0299 - 4774707 int 25
Contacto: biblioteca@facimed.uncoma.edu.ar
© 2011 - 2026